[Event "1. liga - V 17/18, BSS-SM"]
[Site ""]
[Date "2017.11.12"]
[Round "2.1"]
[White "Vesselovsky, Serguei"]
[Black "Kanovsky, David"]
[Result "1/2-1/2"]
[WhiteElo "2329"]
[BlackElo "2405"]
[PlyCount "0"]
[EventDate "2017.10.22"]

1. e4  c5  2. Nf3  e6
 3. c3  d5  4. exd5
 exd5  5. d4  Nc6
 6. Bb5  Bd6  7. dxc5
 Bxc5  8. O-O  Nge7
 9. Nbd2  O-O  10. Nb3
 Bb6  11. Re1  Nf5
 12. Bd3  h6  13. Bc2
 Qd6  14. Bxf5  Bxf5
 15. Be3  Rfd8  16. Bxb6
 axb6  17. Qe2  Bg4
 18. h3  Bh5  19. Qd3
 Qf6  20. Nbd4  Bxf3
 21. Qxf3  Qxf3  22. Nxf3
 1/2-1/2

[Event "1. liga - V 17/18, BSS-SM"]
[Site ""]
[Date "2017.11.12"]
[Round "2.2"]
[White "Sosna, Jan"]
[Black "Rabatin, Jakub"]
[Result "1-0"]
[WhiteElo "2331"]
[BlackElo "2288"]
[PlyCount "0"]
[EventDate "2017.10.22"]

1. d4  Nf6  2. Nf3  d5
 3. Bf4  g6  4. e3
 Bg7  5. Nbd2  O-O
 6. Be2  c5  7. c3
 Nc6  8. Ne5  Nd7
 9. Nxd7  Bxd7  10. O-O
 e5  11. dxe5  Be6
 12. Nf3  Qc7  13. Bg3
 Rad8  14. Qa4  Nxe5
 15. Nxe5  Bxe5  16. Bxe5
 Qxe5  17. Qxa7  d4
 18. cxd4  cxd4  19. Bf3
 d3  20. Qb6 Rd7  21. a4
 d2  22. a5  Bc4 
23. Rfd1  Rfd8  24. Bxb7  Rb8
 25. a6  Bxa6  26. Qxa6
 Rbxb7  27. Rxd2  Rxd2
 28. Qxb7  Rxb2  29. Qc8+
 Kg7  30. Rf1  Ra2
 31. Qc4  Rd2  32. Qc6
 Re2  33. h3  Rd2
 34. Qf3  Rd6  35. Qe2
 Re6  36. Rb1  Rd6
 37. Qc2  h5  38. Qc4
 Rd7  39. Qa4  Rd2
 40. Qb4  Rd7  41. Qb3
 Re7  42. Rd1  Rc7
 43. Qd3  Rc3  44. Qd2
 Kf6  45. e4  Kg7
 46. Re1  Rc4  47. Qe3
 Rc3  48. Qe2  Rb3
 49. Qc2  Rb4  50. f4
 Qd4+  51. Qf2  Qxf2+
 52. Kxf2  Kf6  53. g4
 hxg4  54. hxg4  Ke6
 55. Kg3  Rb3+  56. Kh4
 Rf3  57. f5+  gxf5
 58. exf5+  Kf6  59. Ra1
 Rb3  60. Ra6+  Kg7
 61. Kh5  Rb5  62. Kg5
 Rc5  63. Ra1  Rb5
 64. Re1  Ra5  65. Kf4
 Ra4+  66. Re4  Ra1
 67. Rd4  Re1  68. Rd5
 Ra1  69. Kg5  Ra6
 70. Kh5  Rh6+  71. Kg5
 Ra6  72. Rd4  Rb6
 73. Kf4  Rb1  74. g5
 Rf1+  75. Kg4  Rh1
 76. Rc4  Rh2  77. Rc7
 Rg2+  78. Kf4  Rf2+
 79. Ke4  Re2+  80. Kf3
 Re8  81. g6  Rf8
 82. Kg4  Kf6  83. Rc6+
 Kg7  84. Kg5  fxg6
 85. f6+  Kf7  86. Rc7+
 Ke6  87. Re7+  Kd6
 88. Kxg6  Ra8  89. Re3
 Rg8+  90. Kh7  Rg2
 91. f7  Rh2+  92. Kg7
 Rg2+  93. Kf8  Kd7
 94. Rd3+  Kc6  95. Rd4
 Rg1  96. Ke7  1-0

[Event "1. liga - V 17/18, BSS-SM"]
[Site ""]
[Date "2017.11.12"]
[Round "2.3"]
[White "Novosadova, Kristyna"]
[Black "Bazant, Petr"]
[Result "1/2-1/2"]
[WhiteElo "2166"]
[BlackElo "2321"]
[PlyCount "0"]
[EventDate "2017.10.22"]

1. e4  e5  2. Nf3  Nc6
 3. Bb5  Nge7  4. c3
 d6  5. d4  Bd7 
6. O-O  Ng6  7. Re1  Be7
 8. Nbd2  O-O  9. Nf1
 a6  10. Ba4  exd4
 11. Bxc6  Bxc6  12. Nxd4
 Bd7  13. Ng3  Bg5
 14. Ngf5  Bxc1  15. Rxc1
 Re8  16. Qg4  Bxf5
 17. Nxf5  Qf6  18. Re3
 Re6  19. f4  Rae8
 20. Rce1  Kh8  21. g3
 Nf8  22. Qe2  Nd7
 23. Nd4  R6e7  24. b4
 g6  25. Qc4  c5 
26. Nf3  b5  27. Qd3  Qe6
 28. Ng5  Qxa2  29. Qxd6
 f6  30. Nf3  cxb4
 31. cxb4  Qe6  32. Qxe6
 Rxe6  33. Rd3  Nb6
 34. e5  fxe5  35. Rxe5
 Nc4  36. Rc5  R8e7
 37. Rd8+  Kg7  38. Kg2
 h6  39. Rcc8  Re2+
 40. Kh3  R2e6  41. Nh4
 Nd6  42. Rg8+  Kh7
 43. Rh8+  Kg7  44. Rcg8+
 Kf7  45. Ra8  Kg7
 46. Rhd8  Nf7  47. Rg8+
 Kh7  48. Rgc8  Rf6
 49. Nf3  g5  50. Ne5
 Nxe5  51. Rh8+  Kg6
 52. fxe5  Rxe5  53. g4
 Re7  54. Rag8+  Rg7
 55. Ra8  Rc6  56. Kg3
 Rh7  57. Rag8+  Rg7
 58. Ra8  Rd6  59. h4
 Rd3+  60. Kf2  gxh4
 61. Rxa6+  Kg5  62. Raxh6
 Rh3  63. Rh5+  Kxg4
 64. Rxb5  Rf3+  65. Ke2
 Kg3  66. Rbh5  Rf4
 67. b5  Rd4  68. Ke3
 Rgg4  69. Rg8  Rde4+
 70. Kd3  Rd4+  71. Ke3
 h3  72. Rxg4+  Rxg4
 73. b6  Rb4  74. Rg5+
 Kh4  75. Rg8  Rxb6
 76. Kd4 1/2-1/2

[Event "1. liga - V 17/18, BSS-SM"]
[Site ""]
[Date "2017.11.12"]
[Round "2.4"]
[White "Dobes, Vojtech"]
[Black "Kubik, Michael"]
[Result "1/2-1/2"]
[WhiteElo "2199"]
[BlackElo "2259"]
[PlyCount "0"]
[EventDate "2017.10.22"]

1. e4  c5  2. Nf3  e6
 3. d4  cxd4  4. Nxd4
 Nf6  5. Nc3  d6 
6. Be2  Be7  7. O-O  O-O
 8. Kh1  Nc6  9. f4
 Bd7  10. Be3  Nxd4
 11. Bxd4  Bc6  12. Bf3
 Nd7  13. Qe1  e5
 14. Be3  exf4  15. Bxf4
 Ne5  16. Rd1  Qb6
 17. b3  Rac8  18. Qf2
 Qxf2  19. Rxf2  Bh4
 20. Re2  Bf6  21. Nd5
 Bxd5  22. Rxd5  Rc3
 23. Rxd6  Nxf3  24. gxf3
 Rxf3  25. Be3  Rf1+
 26. Kg2  Ra1  27. Bxa7
 Rxa2  28. Bd4  Bxd4
 29. Rxd4  Rc8  30. Kf3
 Kf8  31. c4  Rxe2
 32. Kxe2  Ke7  33. Rd5
 1/2-1/2

[Event "1. liga - V 17/18, BSS-SM"]
[Site ""]
[Date "2017.11.12"]
[Round "2.5"]
[White "Kozel, Jiri"]
[Black "Bazant, Petr"]
[Result "1/2-1/2"]
[WhiteElo "2176"]
[BlackElo "2208"]
[PlyCount "0"]
[EventDate "2017.10.22"]

1. e4  c5  2. Nf3  Nf6
 3. Nc3  Nc6  4. d4
 d5  5. exd5  Nxd5
 6. Nxd5  Qxd5  7. dxc5
 Qxd1+  8. Kxd1  e5
 9. Be3  Bg4  10. Kc1
 f5  11. Bb5  Bxf3
 12. gxf3  f4  13. Bxc6+
 bxc6  14. Bd2  Bxc5
 15. Re1  O-O-O  16. Rxe5
 Bxf2  17. c3  g5
 18. Kc2  Rhe8  19. Rxe8
 Rxe8  20. Rf1  Bh4
 21. Kd3  h5  22. b4
 Kc7  23. a4  Kd6
 24. c4  a6  25. Rb1
 Kc7  26. b5  cxb5
 27. axb5  axb5  28. Rxb5
 Kc6  29. Rd5  Re6
 30. h3  1/2-1/2

[Event "1. liga - V 17/18, BSS-SM"]
[Site ""]
[Date "2017.11.12"]
[Round "2.6"]
[White "Zpevakova, Jana"]
[Black "Weissmann, Lukas"]
[Result "1/2-1/2"]
[WhiteElo "2078"]
[BlackElo "2166"]
[PlyCount "0"]
[EventDate "2017.10.22"]

1. d4  Nf6  2. c4  g6
 3. Nc3  d5  4. cxd5
 Nxd5  5. Bd2  Bg7
 6. Nf3  Nb6  7. Bg5
 h6  8. Bh4  O-O 
9. e3  Nc6  10. Bb5  Bd7
 11. O-O  a6  12. Be2
 Be6  13. Rc1  f5
 14. Bg3  Bf7  15. Na4
 Nxa4  16. Qxa4  Bd5
 17. Rfd1  g5  18. Rc5
 e6  1/2-1/2

[Event "1. liga - V 17/18, BSS-SM"]
[Site ""]
[Date "2017.11.12"]
[Round "2.7"]
[White "Stalmach, Richard"]
[Black "Horsak, Jan"]
[Result "1-0"]
[WhiteElo "1996"]
[BlackElo "2121"]
[PlyCount "0"]
[EventDate "2017.10.22"]

1. d4  Nf6  2. c4  g6
 3. Nc3  Bg7  4. g3
 d6  5. Bg2  O-O 
6. e3  e5  7. Nge2  Nc6
 8. a3  Bg4  9. h3
 Bd7  10. b4  Qc8
 11. Ra2  Kh8  12. Rd2
 Rd8  13. Bb2  exd4
 14. Nxd4 Ne5  15. Qe2  a6
 16. f4  Nh5  17. fxe5
 Nxg3  18. Qf3  Nxh1
 19. Bxh1  dxe5  20. Nb3
 Bc6  21. Nd5  b5
 22. Na5  Qe6  23. Qf1
 Rac8  24. Nxc7  Rxd2
 25. Nxe6  Rxb2  26. Qxf7
 1-0

[Event "1. liga - V 17/18, BSS-SM"]
[Site ""]
[Date "2017.11.12"]
[Round "2.8"]
[White "Kubos, Rostislav"]
[Black "Mavrev, David"]
[Result "1-0"]
[WhiteElo "2192"]
[BlackElo "1815"]
[PlyCount "0"]
[EventDate "2017.10.22"]

1. c4 e5 2. Nc3 Nf6 3. Nf3 Nc6 4. a3 d5 5. cxd5 Nxd5 6. e3 Be6 7. Qc2 Be7 8. b4
f6 9. Bb2 O-O 10. Rc1 Rc8 11. Nxd5 Qxd5 12. Bc4 Qxc4 13. Qxc4 Bxc4 14. Rxc4 Rfd8
15. Ke2 Rd7 16. Rhc1 Nd8 17. g4 Ne6 18. g5 Rcd8 19. gxf6 gxf6 20. Rg1+ Kf7 21.
Rh4 Nf8 22. d4 exd4 23. Bxd4 a5 24. bxa5 Bxa3 25. Rf4 Be7 26. Ne5+ Ke6 27. Nxd7
Rxd7 28. Bc3 Ng6 29. Re4+ Kf7 30. Rd4 Bd6 31. Rb1 c5 32. Rd2 Ne5 33. Rdb2 1-0

[Event "1. liga - V 17/18, Gordic-Panda RnK"]
[Site ""]
[Date "2017.11.12"]
[Round "2.1"]
[White "Haba, Petr"]
[Black "Havelka, Josef"]
[Result "1/2-1/2"]
[WhiteElo "2444"]
[BlackElo "2323"]
[PlyCount "0"]
[EventDate "2017.10.22"]

1. d4 d5 2. c4 c6 3. Nf3 Nf6 4. e3 a6 5. Nc3 b5 6. cxd5
cxd5 7. Bd2 e6 8. Ne5 Bd6 9. a4 b4 10. Na2 a5 11. Bb5+ Nbd7 12. Nc1 Bxe5 13.
dxe5 Ne4 14. Nd3 O-O 15. O-O Ba6 16. Bxa6 Rxa6 17. Rc1 Qb8 18. Be1 Rc8 19. f3
Nec5 20. Nxc5 Nxc5 21. Rf2 Rac6 22. Rfc2 Qb7 23. e4 dxe4 24. Rxc5 Rxc5 25. Rxc5
Qb6 26. Bf2 Rxc5 27. Kh1 Qc7 28. Bxc5 Qxc5 29. Qd8+ Qf8 30. Qxf8+ Kxf8 31. fxe4
Ke7 32. Kg1 Kd7 1/2-1/2

[Event "1. liga - V 17/18, Gordic-Panda RnK"]
[Site ""]
[Date "2017.11.12"]
[Round "2.2"]
[White "Kozusek, Daniel"]
[Black "Zwardon, Vojtech"]
[Result "0-1"]
[WhiteElo "2240"]
[BlackElo "2410"]
[PlyCount "0"]
[EventDate "2017.10.22"]

1. Nf3 c5 2. c4 g6 3. Nc3 Bg7 4. e3 Nf6 5. d4 cxd4 6.
exd4 d5 7. Bg5 Be6 8. Qb3 dxc4 9. Bxc4 Bxc4 10. Qxc4 O-O 11. O-O Nc6 12. d5 Na5
13. Qh4 Rc8 14. Rad1 Nc4 15. Bc1 Qb6 16. b3 Nd6 17. Na4 Qa5 18. Ba3 b5 19. Bb4
Qd8 20. Nb2 Nf5 21. Qf4 Rc2 22. d6 e6 23. Nd3 a5 24. Bc5 Nd5 25. Qe4 Nc3 0-1

[Event "1. liga - V 17/18, Gordic-Panda RnK"]
[Site ""]
[Date "2017.11.12"]
[Round "2.3"]
[White "Karasek, Lukas"]
[Black "Machlowski, Slawomir"]
[Result "1-0"]
[WhiteElo "2294"]
[BlackElo "2138"]
[PlyCount "0"]
[EventDate "2017.10.22"]

1. Nf3 c5 2. c4 g6 3. d4 cxd4 4. Nxd4 Bg7 5. e4 Nc6 6.
Be3 d6 7. Nc3 Nf6 8. Be2 O-O 9. O-O Bd7 10. Qd2 Nxd4 11. Bxd4 Bc6 12. Bd3 Qa5
13. Rad1 Qh5 14. h3 Qh4 15. f4 Nh5 16. Bxg7 Nxg7 17. Rde1 Rad8 18. Qe3 b6 19.
Kh2 e6 20. f5 exf5 21. exf5 Rfe8 22. Qg3 Qxg3+ 23. Kxg3 gxf5 24. Rxe8+ Rxe8 25.
Bxf5 Re5 26. Bg4 Rg5 27. Kf2 Ne6 28. Rd1 h5 29. Bf3 Bxf3 30. Kxf3 h4 31. Nd5
Rf5+ 32. Ke3 Re5+ 33. Kf2 Kg7 34. Rd3 Ng5 35. Nc3 Rf5+ 36. Kg1 Rf4 37. b3 Rf6
38. Rd4 Rh6 39. Nb5 Rg6 40. Kh2 Re6 41. Rxh4 Re2 42. Rg4 Kh6 43. Nxd6 Rxa2 44.
h4 Nf3+ 45. Kg3 Ne5 46. Rg5 Re2 47. Rxe5 1-0

[Event "1. liga - V 17/18, Gordic-Panda RnK"]
[Site ""]
[Date "2017.11.12"]
[Round "2.4"]
[White "Novotny, Josef"]
[Black "Piza, Vlastimil"]
[Result "0-1"]
[WhiteElo "2063"]
[BlackElo "2243"]
[PlyCount "0"]
[EventDate "2017.10.22"]

1. e3 d6 2. d3 Nf6 3. g3 g6 4. Bg2 Bg7 5. Nc3 O-O 6.
Nge2 e5 7. h3 c6 8. e4 Nbd7 9. Be3 b5 10. a3 Bb7 11. Qd2 Re8 12. Bh6 Bh8 13. g4
a5 14. Ng3 Nc5 15. Nce2 d5 16. g5 Nfd7 17. O-O dxe4 18. dxe4 Nb6 19. Qe3 Ne6
20. Rad1 Qc7 21. Qc1 b4 22. axb4 axb4 23. Bf3 Ba6 24. Bg4 Nf4 25. Rfe1 c5 26.
Nf1 Bxe2 27. Bxe2 Nxh3+ 28. Kg2 Nf4+ 29. Kg3 Red8 30. Ne3 Rd4 31. c3 bxc3 32.
bxc3 Rxd1 33. Qxd1 Bg7 34. Ng4 Bxh6 35. gxh6 f5 36. exf5 gxf5 37. Nxe5 Ng6 38.
Qb3+ Kh8 39. f4 Nxe5 40. fxe5 Qxe5+ 0-1

[Event "1. liga - V 17/18, Gordic-Panda RnK"]
[Site ""]
[Date "2017.11.12"]
[Round "2.5"]
[White "Haba, Zdenek"]
[Black "Pavlicek, Miroslav"]
[Result "1/2-1/2"]
[WhiteElo "2174"]
[BlackElo "2041"]
[PlyCount "0"]
[EventDate "2017.10.22"]

1. d4 Nf6 2. c4 e6 3. g3 d5 4. Bg2 c6 5. Nf3 Bd6 6.
Nbd2 O-O 7. O-O Nbd7 8. Qc2 e5 9. cxd5 cxd5 10. dxe5 Nxe5 11. Nxe5 Bxe5 12. Nf3
Bd6 13. b3 Bg4 14. Bb2 Re8 15. Qd3 Bxf3 16. Bxf3 Be5 17. Bxe5 Rxe5 18. Rac1 Rc8
19. Qd4 Rxc1 20. Rxc1 Qb8 21. Qc3 Qe8 22. Qc8 Re7 23. Qxe8+ Rxe8 24. Rc7 Rb8
25. e3 g6 26. Kf1 a6 27. Ke2 Ne4 28. a4 b6 29. Bxe4 dxe4 30. Re7 f5 31. Rc7 a5
32. h3 h5 33. f3 b5 34. fxe4 bxa4 35. bxa4 fxe4 36. Rc4 Rb2+ 37. Kf1 Rb1+ 38.
Kg2 Rb2+ 39. Kg1 Rb4 40. Rd4 Kf7 41. Kf2 Ke6 42. Rxb4 axb4 43. Ke2 Kd5 44. Kd2
Kc4 45. Kc2 b3+ 46. Kb2 Kb4 47. a5 Kxa5 48. Kxb3 Kb5 49. Kc3 Kc5 50. g4 hxg4
51. hxg4 Kd5 52. Kb4 Ke5 53. Kc4 Kf6 54. Kd5 Kg5 55. Kxe4 Kxg4 56. Kd5 Kg5 57.
Ke4 Kg4 1/2-1/2

[Event "1. liga - V 17/18, Gordic-Panda RnK"]
[Site ""]
[Date "2017.11.12"]
[Round "2.6"]
[White "Horak, Jan"]
[Black "Seidl, Stepan"]
[Result "0-1"]
[WhiteElo "1901"]
[BlackElo "2171"]
[PlyCount "0"]
[EventDate "2017.10.22"]

1. e4 c5 2. g3 g6 3. Bg2 Bg7 4. f4 Nc6 5. Nf3 d6 6. O-O
e6 7. d3 Nge7 8. c3 O-O 9. Be3 Qb6 10. Qc2 Bd7 11. Nbd2 Qc7 12. Rac1 Rac8 13.
Qb1 Qb8 14. Rfe1 Rfd8 15. Bf2 b6 16. d4 Na5 17. Nh4 b5 18. Nb3 Nxb3 19. axb3 c4
20. b4 Rc6 21. Qc2 a5 22. bxa5 Ra6 23. b4 cxb3 24. Qxb3 Rxa5 25. Ra1 Ra4 26.
Reb1 Qc7 27. Bf1 Rda8 28. Qb2 d5 29. e5 Qa5 30. Rxa4 bxa4 31. Be1 Qc7 32. Nf3
Bf8 33. Qa2 Nc8 34. c4 dxc4 35. Qxc4 Qxc4 36. Bxc4 Bc6 37. Nd2 a3 38. Ba2 Ne7
39. Kf2 Nd5 40. Nc4 h5 41. Ne3 h4 42. Bd2 h3 43. Ke2 Kg7 44. Ng4 Ra4 45. Kd3
Rb4 46. Bxb4 Nxb4+ 47. Rxb4 Bxb4 48. Nf2 Bg2 49. Nd1 Be1 50. Ke2 Bxg3 51. hxg3
h2 52. Nf2 Bd5 53. Bb1 a2 0-1

[Event "1. liga - V 17/18, Gordic-Panda RnK"]
[Site ""]
[Date "2017.11.12"]
[Round "2.7"]
[White "Sedlacek, Oldrich"]
[Black "Daniel, Jiri"]
[Result "1/2-1/2"]
[WhiteElo "2225"]
[BlackElo "1944"]
[PlyCount "0"]
[EventDate "2017.10.22"]

1. Nf3 Nf6 2. g3 d5 3. Bg2 c5 4. O-O Nc6 5. d4 cxd4 6.
Nxd4 e5 7. Nxc6 bxc6 8. c4 Be6 9. Nc3 Qd7 10. Qa4 Rc8 11. cxd5 cxd5 12. Qxd7+
Kxd7 13. Rd1 d4 14. e3 Bc5 15. exd4 exd4 16. Be3 Rhd8 17. Bxd4 Bxd4 18. Rxd4+
Ke7 19. Rad1 Rxd4 20. Rxd4 Rb8 21. Rd2 h6 22. f3 Rb6 23. Kf2 Ra6 24. Bf1 Ra5
25. b3 Rc5 26. Nb5 a5 27. Nd4 Bc8 28. Bc4 g6 29. Re2+ Kf8 30. Nb5 Ba6 31. a4
Nd5 32. Re5 Bb7 33. Nc3 f6 34. Rxd5 Bxd5 35. Nxd5 Rc6 36. h4 f5 37. Ke3 Re6+
38. Kf4 Kg7 39. h5 gxh5 40. Kxf5 Re1 41. Nf4 Rh1 42. Ne6+ Kh7 43. Kf4 Kg6 44.
Nc5 h4 45. gxh4 Rxh4+ 46. Kg3 Rh5 47. Ne4 Kf5 48. Nd6+ Ke5 49. Nb7 Rg5+ 50. Kh4
Kf4 51. Bb5 Rg1 52. Kh3 Rg3+ 53. Kh2 Rxf3 54. Nxa5 Rf2+ 55. Kg1 Kg3 56. Nc4 Ra2
57. Ne3 h5 58. Nf1+ Kf4 59. Bc6 h4 60. Bd7 Rb2 1/2-1/2

[Event "1. liga - V 17/18, Gordic-Panda RnK"]
[Site ""]
[Date "2017.11.12"]
[Round "2.8"]
[White "Zikmund, Jaroslav"]
[Black "Zigo, Viktor"]
[Result "0-1"]
[WhiteElo "1848"]
[BlackElo "2264"]
[PlyCount "0"]
[EventDate "2017.10.22"]

1. d4 Nf6 2. c4 e6 3. Nc3 d5 4. e3 Be7 5. Nf3 O-O 6.
Bd3 a6 7. b3 Nbd7 8. Bb2 c5 9. O-O cxd4 10. exd4 b6 11. cxd5 exd5 12. Bf5 Bb7
13. Rc1 g6 14. Bb1 Ne4 15. Nd2 f5 16. f3 Nxc3 17. Bxc3 Bd6 18. Re1 Qh4 19. Nf1
Rae8 20. Qd3 b5 21. b4 Nb6 22. g3 Qd8 23. Rc2 Nc4 24. Rce2 f4 25. Kf2 Bc8 26.
Rxe8 Rxe8 27. Rxe8+ Qxe8 28. Qe2 Qf8 29. Bd3 Bd7 30. Bxc4 bxc4 31. g4 Qf6 32.
Kg2 Kf7 33. Qf2 Ba4 34. Qb2 h5 35. h3 hxg4 36. hxg4 g5 37. Qf2 Qg6 38. Qd2 Bc2
39. Qe1 Bd3 40. Nd2 Qh7 41. Qh1 Qxh1+ 42. Kxh1 Ke6 43. Kg2 Kd7 44. Kf2 Kc6 45.
Ke1 Kb5 46. a3 Ka4 47. Kd1 Kxa3 48. Kc1 Bxb4 49. Bb2+ Ka2 0-1

[Event "1. liga - V 17/18, Grygov-CT"]
[Site ""]
[Date "2017.11.12"]
[Round "2.1"]
[White "Biolek, Richard"]
[Black "Langner, Ladislav"]
[Result "1/2-1/2"]
[WhiteElo "2449"]
[BlackElo "2396"]
[PlyCount "0"]
[EventDate "2017.10.22"]

1. e4 g6 2. d4 Bg7 3. c4 Nc6 4. Nf3 e5 5. Bg5 Nge7 6. d5 Nd4 7. Nxd4 exd4 8.
Qf3 O-O 9. Bf6 c5 10. Nd2 d6 11. Bd3 Bxf6 12. Qxf6 Nc6 13. Qxd8 Nxd8 14. f4 f6
15. h3 Nf7 16. g4 g5 17. f5 Ne5 18. Ke2 Bd7 19. Nf3 Nxf3 20. Kxf3 a6 21. h4 h6
22. a4 a5 23. Bc2 Kg7 24. Ra3 b6 25. Kf2 Rh8 26. Rah3 Rae8 27. b3 Rd8 28. Kf3
Rde8 29. Ra1 Rd8 30. Rb1 Rde8 31. Rc1 Rd8 32. Rd1 Rde8 33. Re1 Rd8 34. Rf1 Rde8
35. Rg1 Rd8 36. Bd3 Rde8 37. Ra1 Rd8 38. Rb1 Rde8 39. Rc1 Rd8 40. Rd1 Rde8 41.
Re1 Rd8 42. Rf1 Rde8 43. Rg1 Rd8 44. Rgh1 Rde8 45. Bb1 Rd8 46. Rc1 Rde8 47. Rd1
Rd8 48. Re1 Rde8 49. Rf1 Rd8 50. Rg1 Rde8 51. Rgh1 Rd8 52. Rg3 Rde8 53. Bc2 Rd8
54. Kf2 Rde8 55. Rgh3 Rd8 56. Kg3 Rde8 57. Ra1 Rd8 58. Rb1 Rde8 59. Rc1 Rd8 60.
Rd1 Rde8 61. Re1 Rd8 62. Rf1 Rde8 63. Rg1 Rd8 64. Rb1 Rde8 65. Rc1 Rd8 66. Rd1
Rde8 67. Re1 Rd8 68. Rf1 Rde8 69. Rh2 Rd8 70. Ra1 Rde8 71. Rb1 Rd8 72. Rc1 Rde8
73. Rd1 Rd8 74. Re1 Rde8 75. Rf1 Rd8 76. Rh3 Rde8 77. Ra1 Ra8 78. Rah1 Rad8 79.
e5 dxe5 80. Be4 Rdf8 81. h5 1/2-1/2

[Event "1. liga - V 17/18, Grygov-CT"]
[Site ""]
[Date "2017.11.12"]
[Round "2.2"]
[White "Molenda, Marcin"]
[Black "Obsivac, Josef"]
[Result "1-0"]
[WhiteElo "2382"]
[BlackElo "2338"]
[PlyCount "0"]
[EventDate "2017.10.22"]

1. d4 Nf6 2. c4 e6 3. Nc3 Bb4 4. a3 Bxc3+ 5. bxc3 c5 6. f3 O-O 7. Bg5 Qa5 8.
Qd2 Nc6 9. d5 Ne7 10. e4 e5 11. Ne2 Kh8 12. Bxf6 gxf6 13. Qh6 Ng6 14. h4 Qd8
15. h5 Nf4 16. Nxf4 exf4 17. d6 Re8 18. Qxf4 Re6 19. Kf2 Qg8 20. Rd1 Qg5 21. g3
h6 22. Bh3 Re8 23. Rd5 Qxf4 24. gxf4 b6 25. Rd2 Rg8 26. Rb1 Rb8 27. a4 Rd8 28.
a5 Ba6 29. axb6 Rxb6 30. Rxb6 axb6 31. Rb2 Bxc4 32. Rxb6 Ra8 33. Bxd7 Ra2+ 34.
Kg3 Rd2 35. Bh3 Kg7 36. e5 Bd5 37. d7 Be6 38. Bxe6 fxe6 39. Rd6 1-0

[Event "1. liga - V 17/18, Grygov-CT"]
[Site ""]
[Date "2017.11.12"]
[Round "2.3"]
[White "Biolek, Richard"]
[Black "Mrazek, Lumir"]
[Result "1-0"]
[WhiteElo "2414"]
[BlackElo "2273"]
[PlyCount "0"]
[EventDate "2017.10.22"]

1. Nf3 c5 2. g3 Nf6 3. Bg2 g6 4. O-O Bg7 5. c4 O-O 6. d4 cxd4 7. Nxd4 Nc6 8.
Nc3 Ne4 9. Nxc6 Nxc3 10. Nxd8 Nxd1 11. Nxb7 Bxb7 12. Rxd1 Bxg2 13. Kxg2 Rfc8
14. Rxd7 e6 15. Be3 Rxc4 16. Rad1 Bxb2 17. Rb7 Be5 18. Rdd7 a5 19. Rxf7 Rc2 20.
Rxh7 Rxa2 21. Rh6 Rb2 22. Rxg6+ Kh8 23. Rd7 Ra6 24. Rg5 Bf6 25. Bd4 Bxd4 26.
Rxd4 Rb4 27. Rxa5 1-0

[Event "1. liga - V 17/18, Grygov-CT"]
[Site ""]
[Date "2017.11.12"]
[Round "2.4"]
[White "Mroziak, Maciej"]
[Black "Richterova, Natasa"]
[Result "1-0"]
[WhiteElo "2399"]
[BlackElo "2146"]
[PlyCount "0"]
[EventDate "2017.10.22"]

1. e4 c6 2. d4 d5 3. Nc3 dxe4 4. Nxe4 Bf5 5. Ng3 Bg6 6. N1e2 h6 7. Nf4 Bh7 8.
Bc4 Nf6 9. O-O g5 10. Nfh5 Nxh5 11. Nxh5 e6 12. Qe2 Qe7 13. Qe5 Bg6 14. Qxh8
Bxh5 15. f4 Bg6 16. Bd2 gxf4 17. Bxf4 Nd7 18. c3 O-O-O 19. Bxh6 Qh4 20. Bg7
Qxh8 21. Bxh8 Bh6 22. Bf6 Rg8 23. Rae1 b5 24. Bb3 Bd2 25. Re2 Bd3 26. Rxd2 Bxf1
27. Kxf1 Nxf6 28. Rf2 Rg6 29. h3 a5 30. g4 Ne4 31. Rxf7 Ng5 32. Rf8+ Kd7 33. h4
Ke7 34. Rf4 Nf7 35. g5 a4 36. Bc2 Rg7 37. a3 e5 38. Rf6 exd4 39. cxd4 Nd6 40.
Bd3 Kd7 41. g6 Ke7 42. Rf2 Nc4 43. Bxc4 bxc4 44. h5 Ke6 45. Rh2 1-0

[Event "1. liga - V 17/18, Grygov-CT"]
[Site ""]
[Date "2017.11.12"]
[Round "2.5"]
[White "Zatloukal, Petr"]
[Black "Kawulok, Marek"]
[Result "1/2-1/2"]
[WhiteElo "2065"]
[BlackElo "2161"]
[PlyCount "0"]
[EventDate "2017.10.22"]

1. e4 e5 2. Nf3 Nc6 3. Bb5 a6 4. Ba4 Nf6 5. Bxc6 dxc6 6. d3 Nd7 7. O-O Be7 8.
Nbd2 O-O 9. Nc4 f6 10. Nh4 Nc5 11. Ne3 Ne6 12. Nef5 Nd4 13. Nxe7+ Qxe7 14. c3
Ne6 15. Nf5 Qf7 16. f4 Nxf4 17. Bxf4 Bxf5 18. Bxe5 Bg6 19. Qg4 Rad8 20. Qg3 Rd7
21. b3 1/2-1/2

[Event "1. liga - V 17/18, Grygov-CT"]
[Site ""]
[Date "2017.11.12"]
[Round "2.6"]
[White "Gibiec, Ernest"]
[Black "Zvolanek, Libor"]
[Result "1/2-1/2"]
[WhiteElo "2164"]
[BlackElo "2144"]
[PlyCount "0"]
[EventDate "2017.10.22"]

1. d4 d6 2. e4 Nf6 3. Nc3 g6 4. Nge2 c6 5. g3 b5 6. a3 Bg7 7. Bg2 O-O 8. O-O e5
9. h3 a6 10. Be3 Qc7 11. Qd2 Re8 12. Rad1 Bf8 13. g4 Nbd7 14. Ng3 Nb6 15. Bg5
Nc4 16. Qc1 Bg7 17. b3 exd4 18. bxc4 dxc3 19. Bf4 Nd7 20. Bxd6 Qb6 21. Kh2 a5
22. cxb5 cxb5 23. e5 Bb7 24. Bxb7 Qxb7 25. f4 Rac8 26. Qe3 Rc4 27. Rd3 Qc6 28.
Re1 b4 29. axb4 axb4 30. Rb1 Qa4 31. Rc1 Qa2 32. Bxb4 Nxe5 33. fxe5 Rxb4 34. e6
Qxe6 35. Qxe6 fxe6 36. Re1 Rb2 37. Re2 Ra8 38. Ne4 Raa2 39. Rd8+ Kf7 40. Rd7+
Kg8 1/2-1/2

[Event "1. liga - V 17/18, Grygov-CT"]
[Site ""]
[Date "2017.11.12"]
[Round "2.7"]
[White "Svancara, Petr"]
[Black "Mitura, Vaclav"]
[Result "1/2-1/2"]
[WhiteElo "2086"]
[BlackElo "2169"]
[PlyCount "0"]
[EventDate "2017.10.22"]

1. Nf3 d5 2. d4 c6 3. c4 Nf6 4. Nc3 dxc4 5. a4 Bf5 6. e3 e6 7. Bxc4 Bb4 8. O-O
Nbd7 9. Bd2 a5 10. Re1 Bg6 11. Rc1 O-O 12. Ne2 Bxd2 13. Nxd2 e5 14. Nf3 Qe7 15.
dxe5 Nxe5 16. Nxe5 Qxe5 17. Qd4 Qc7 18. Ng3 Rad8 19. Qc3 Rfe8 20. Rcd1 h6 21.
Qb3 Ne4 22. Nxe4 Bxe4 23. f3 Bf5 24. Rxd8 Rxd8 25. e4 Re8 26. Rd1 Be6 27. Bxe6
Rxe6 28. Qd3 Qb6+ 29. Qd4 Qb3 30. Rd2 Kh7 31. h3 b5 32. axb5 cxb5 33. e5 g6 34.
f4 Rc6 35. Kh2 Qc4 36. Qf2 Qc5 37. Qf3 Rc7 38. Rd8 Rc8 39. Rd7 Rc7 40. Rd6 Re7
41. Rf6 Kg7 42. h4 h5 43. Qa8 Qb4 44. Qd8 a4 45. Kh3 Qb3+ 46. Kh2 Qb4 47. Qb6
Re6 48. Qe3 Qe7 49. Rxe6 Qxe6 1/2-1/2

[Event "1. liga - V 17/18, Grygov-CT"]
[Site ""]
[Date "2017.11.12"]
[Round "2.8"]
[White "Raszka, Janusz"]
[Black "Soban, Jaroslav"]
[Result "1-0"]
[WhiteElo "2121"]
[BlackElo "2078"]
[PlyCount "0"]
[EventDate "2017.10.22"]

1. e4 Nf6 2. e5 Nd5 3. d4 d6 4. Nf3 Bg4 5. exd6 exd6 6. Be2 Be7 7. O-O O-O 8.
h3 Bh5 9. c4 Nb6 10. b3 Bf6 11. Be3 Nc6 12. Nc3 Re8 13. Qd2 a5 14. g4 Bg6 15.
g5 Be7 16. Nh4 f6 17. Nxg6 hxg6 18. f4 Nb4 19. a3 Na6 20. h4 Rf8 21. Bg4 f5 22.
Bf3 c6 23. Rfe1 Qd7 24. h5 Kf7 25. hxg6+ Kxg6 26. Re2 Rh8 27. Rae1 Rae8 28. d5
c5 29. Bf2 Nc7 30. Nb5 Kf7 31. Nxc7 Qxc7 32. Qxa5 Bd8 33. g6+ 1-0

[Event "1. liga - V 17/18, Trinec-Hostalkova"]
[Site ""]
[Date "2017.11.12"]
[Round "2.1"]
[White "Petrik, Tomas"]
[Black "Ponizil, Cyril"]
[Result "1-0"]
[WhiteElo "2473"]
[BlackElo "2478"]
[PlyCount "0"]
[EventDate "2017.10.22"]

1. e4 c5 2. Nf3 e6 3. d4 cxd4 4. Nxd4 a6 5. c4 Nf6 6. Nc3 Qc7 7. a3 b6 8. Be3
Bb7 9. f3 d6 10. Be2 Be7 11. O-O O-O 12. Rc1 Nbd7 13. Qd2 Rac8 14. Rfd1 Qb8 15.
Bf1 Bd8 16. Kh1 Bc7 17. Bg1 Kh8 18. Rc2 Rg8 19. b4 g5 20. b5 a5 21. Nc6 Bxc6
22. bxc6 Ne5 23. Nb5 g4 24. Nxc7 Rxc7 25. Qxd6 Rxc6 26. Qxb8 Rxb8 27. Bd4 Ned7
28. Bb2 e5 29. fxg4 Rg8 30. Rcd2 Nc5 31. Bxe5 Ncxe4 32. Re2 Rxg4 33. h3 Ng3+
34. Kh2 Nxf1+ 35. Rxf1 Rg6 36. Ref2 Kg7 37. g4 h6 38. Rf4 Re6 39. Bd4 Rd6 40.
Bc3 Re6 41. h4 Re2+ 42. Kh1 1-0